Online
Catalog

Ramón J. Sender : (Record no. 4498)

MARC details
000 -CABECERA
campo de control de longitud fija 00995cam a2200241 a 4500
001 - NÚMERO DE CONTROL
campo de control 000004692
005 - FECHA Y HORA DE LA ÚLTIMA TRANSACCIÓN
campo de control 20200929151501.0
008 - DATOS DE LONGITUD FIJA--INFORMACIÓN GENERAL
campo de control de longitud fija 971125s1991 sp b 000 f spa
020 ## - NÚMERO INTERNACIONAL ESTÁNDAR DEL LIBRO
Número Internacional Estándar del Libro 8478201009
040 ## - FUENTE DE LA CATALOGACIÓN
Centro catalogador/agencia de origen DO-SdBNP
Centro/agencia transcriptor DLC
082 ## - NÚMERO DE LA CLASIFICACIÓN DECIMAL DEWEY
Número de clasificación 863.62
Número de documento/Ítem S474T
100 1# - ENTRADA PRINCIPAL--NOMBRE DE PERSONA
Nombre de persona Trivinos, Gilberto,
Fechas asociadas al nombre 1944-
9 (RLIN) 13662
245 10 - MENCIÓN DE TÍTULO
Título Ramón J. Sender :
Resto del título mito y contramito de Lope de Aguirre /
Mención de responsabilidad, etc. Gilberto Trivinos.
260 ## - PUBLICACIÓN, DISTRIBUCIÓN, ETC.
Lugar de publicación, distribución, etc. Zaragoza, España :
Nombre del editor, distribuidor, etc. Institución Fernándo el Católico,
Fecha de publicación, distribución, etc. 1991.
300 ## - DESCRIPCIÓN FÍSICA
Extensión 157 p. ;
Dimensiones 25 cm.
440 #0 - MENCIÓN DE SERIE/PUNTO DE ACCESO ADICIONAL--TÍTULO
Título Publicación de la Institución Fernándo el Católico ;
Designación de volumen o secuencia no. 1279
9 (RLIN) 13663
504 ## - NOTA DE BIBLIOGRAFÍA, ETC.
Nota de bibliografía, etc. Incluye referencias bibliográficas (p. 149-155).
600 10 - PUNTO DE ACCESO ADICIONAL DE MATERIA--NOMBRE DE PERSONA
Nombre de persona Sender, Ramón José,
Fechas asociadas al nombre 1901-1982.
Título de la obra Aventura equinoccial de Lope de Aguirre.
9 (RLIN) 13664
600 10 - PUNTO DE ACCESO ADICIONAL DE MATERIA--NOMBRE DE PERSONA
Nombre de persona Aguirre, Lope de,
Fechas asociadas al nombre 1510-1561.
9 (RLIN) 13665
650 #4 - PUNTO DE ACCESO ADICIONAL DE MATERIA--TÉRMINO DE MATERIA
Término de materia o nombre geográfico como elemento de entrada Novela española
Subdivisión general Crítica e interpretación
9 (RLIN) 13666
650 #4 - PUNTO DE ACCESO ADICIONAL DE MATERIA--TÉRMINO DE MATERIA
Término de materia o nombre geográfico como elemento de entrada Literatura española
Subdivisión general Crítica e interpretación
9 (RLIN) 4054
910 ## - DATOS DE OPCIÓN DEL USUARIO (OCLC)
Datos de opción del usuario Catalogación por copia / LC
Holdings
Estado de retiro Estado de pérdida Restricciones de uso No para préstamo Código de colección Localización permanente Ubicación/localización actual Ubicación en estantería Fecha de adquisición Número de inventario Total de préstamos Signatura topográfica completa Código de barras Fecha visto por última vez Precio válido a partir de Tipo de ítem Koha Número de copia
    Préstamo interno   Monografías: Libros y Folletos General General En catalogación 24.07.2009 LF1   863.62 S474T 4692-10 25.06.2020 25.06.2020 Préstamo interno  
    Préstamo restringido Préstamo restrigido Monografías: Libros y Folletos General General En catalogación 10.02.2011 LF1   863.62 S474T 4692-20 25.06.2020 25.06.2020 Préstamo interno e. 2

Powered by Koha